| 000 | 00619nam a2200205 u 4500 | ||
|---|---|---|---|
| 005 | 20240314063648.0 | ||
| 008 | 140821s1996 ea r 000 0 spa d | ||
| 020 | _a0590377930 | ||
| 035 | _aUPN01000199052 | ||
| 049 | _aI | ||
| 050 | 4 |
_aPS3563 C3.3 _bA2.7 |
|
| 100 | 1 |
_aMcCloskey, Robert, _d1914-2003 _936470 |
|
| 245 | 1 | 0 |
_aAbran paso a los patitos / _cRobert McCloskey ; tr. Osvaldo Blanco. |
| 260 |
_aNew York : _bScholastic, _cc1996. |
||
| 300 | _a[63] p. | ||
| 650 | 4 |
_aCuentos infantiles estadounidenses _910762 |
|
| 650 | 4 |
_aPATOS - _vLITERATURA INFANTIL _910192 |
|
| 905 | _aInfantil | ||
| 999 |
_c171153 _d171153 |
||